Sports Quiz

Random Sports Quiz

Number One Picks of the 2000's Quiz Stats

 Plays Quiz not verified by Sporcle

Score 0/44 Timer 06:00
0 Plays Today
% Correct
LeBron James
97%
Derrick Rose
94.7%
Blake Griffin
94.4%
Dwight Howard
94.1%
John Wall
93.5%
Sam Bradford
92.9%
Matthew Stafford
92.3%
Greg Oden
91.7%
JaMarcus Russell
89.3%
Alex Smith
89.3%
Carson Palmer
88.5%
Jake Long
88.2%
Mario Williams
87.9%
Yao Ming
87.3%
Michael Vick
86.4%
Eli Manning
84.3%
David Carr
81.7%
Andrew Bogut
80.8%
Sidney Crosby
80.5%
Stephen Strasburg
77.5%
Alexander Ovechkin
74.3%
Kwame Brown
74%
% Correct
Courteny Brown
73.7%
Andrea Bargnani
71%
Bryce Harper
68.9%
David Price
62.4%
Kenyon Martin
60.1%
Joe Mauer
59.2%
Patrick Kane
57.4%
Justin Upton
56.2%
Erik Johnson
50.3%
Steven Stamkos
48.2%
Rick Nash
42.9%
John Tavares
40.5%
Marc-Andre Fleury
40.5%
Taylor Hall
39.1%
Ilya Kovalchuk
36.4%
Adrián González
32.8%
Rick DiPietro
32%
Delmon Young
28.1%
Tim Beckham
22.2%
Matt Bush
21.9%
Luke Hochevar
21.6%
Bryan Bullington
17.5%

You're not logged in!

Compare scores with friends on all Sporcle quizzes.
OR
Log In

You Might Also Like...

Show Comments

Extras

Created Jan 30, 2011ReportNominate
Tags:1st Round, draft, four

Top Quizzes Today


Score Distribution

Your Account Isn't Verified!

In order to create a playlist on Sporcle, you need to verify the email address you used during registration. Go to your Sporcle Settings to finish the process.

Report this User

Report this user for behavior that violates our Community Guidelines.

Details: